[Event "Biel Interzonal"]
[Site "Biel"]
[Date "1993.??.??"]
[Round "6"]
[White "Oll, Lembit"]
[Black "Georgiev, Kiril"]
[Result "0-1"]
[WhiteElo "2595"]
[BlackElo "2660"]
[Annotator "Georgiev,Ki"]
[PlyCount "80"]
[EventDate "1993.07.??"]
[EventType "swiss"]
[EventRounds "13"]
[EventCountry "SUI"]
[Source "ChessBase"]
[SourceDate "1993.12.01"]

1. e4 c5 2. Nf3 d6 3. d4 cxd4 4. Nxd4 Nf6 5. Nc3 g6 6. Be3 Bg7 7. f3 Nc6 8. Qd2
O-O 9. g4 Nxd4 10. Bxd4 Be6 11. Nd5 Bxd5 12. exd5 Qc7 13. h4 Rac8 14. Rh2 e5
15. dxe6 fxe6 16. O-O-O Nd5 17. Bxg7 Qxg7 18. Re2 Qf7 19. Re4 $1 Rc6 20. Bb5
$146 (20. h5) 20... Rb6 21. Ba4 Nf4 22. Bb3 d5 23. Rd4 Rc6 24. Kb1 {/\ c4, xd5}
b5 25. a4 $1 a6 (25... bxa4 26. Rxa4 Rb6 27. Re1 $14) 26. Rb4 Qf6 $1 27. h5 $6
(27. g5 $142 Qf5 28. axb5 axb5 29. Rxb5 Ra6 30. Qb4 $1 Qe5 $1 $13) 27... gxh5
28. gxh5 Kh8 29. Rh1 (29. axb5 axb5 30. Rxb5 Nxh5 31. c4 $1 $13) 29... Rb6 30.
h6 e5 31. Re1 d4 $15 {(), xb4} 32. c3 $8 bxa4 33. Rxb6 Qxb6 34. Rxe5 $4 $138 (
34. Bxa4 $8 Qa5 (34... Nd5 $5 35. cxd4 exd4 {/\ Nc3} 36. Ka1 Ne3 $15) 35. Bb3
Rb8 36. Re4 $3 {Oll} Rxb3 $140 $2 37. Rxd4 Ne6 38. Rd6 Nf8 39. Qg5 $18) 34...
Qf6 $1 35. Qxd4 Ng6 $1 (35... axb3 $4 36. Rf5 $1 Qxd4 37. Rxf8#) 36. Rf5 Qxd4
37. Rxf8+ Nxf8 38. cxd4 axb3 39. Kc1 Kg8 40. Kd2 Kf7 0-1

[Event "Biel Interzonal"]
[Site "Biel"]
[Date "1993.??.??"]
[Round "7"]
[White "Spasov, Vasil"]
[Black "Oll, Lembit"]
[Result "1/2-1/2"]
[WhiteElo "2540"]
[BlackElo "2595"]
[Annotator "Boensch,U"]
[PlyCount "83"]
[EventDate "1993.07.??"]
[EventType "swiss"]
[EventRounds "13"]
[EventCountry "SUI"]
[Source "ChessBase"]
[SourceDate "1993.12.01"]

1. e4 c5 2. Nf3 d6 3. d4 cxd4 4. Nxd4 Nf6 5. Nc3 Nc6 6. Bg5 e6 7. Qd2 Be7 8.
O-O-O O-O 9. Nb3 a6 10. Bxf6 gxf6 11. f4 Kh8 (11... b5 12. Qe2 $5 {/\ Rd3 Oll,L
}) 12. f5 b5 13. fxe6 $6 (13. Kb1) (13. Ne2) 13... fxe6 14. Kb1 (14. Ne2 e5 $5
(14... f5 15. Qc3+ Ne5 16. exf5 Rxf5 17. Nbd4 Rf6 {/\ Bb7<=>}) 15. Nc3 f5 16.
Kb1 b4 17. Nd5 fxe4 $15 {Oll,L}) 14... b4 (14... Ne5 15. Nd4 {
/\ g3, Bh3 ><e6 Oll,L}) 15. Ne2 e5 $1 $10 16. Ng3 Be6 (16... a5 17. Bb5 Na7 18.
Ba4 $14 {Oll,L}) 17. Nf5 Qc7 (17... Bxf5 18. exf5 a5 19. Bb5 Qc7 20. Ba4 $14)
18. Nxe7 (18. Be2 Bxf5 19. exf5 a5 $15) (18. Nc1 Bxf5 19. exf5 a5 $15 {Oll,L})
18... Qxe7 19. Nc1 $1 {/\ Qd6} (19. Qxd6 $4 Rad8) 19... Rfd8 (19... Rad8 $6 20.
Bxa6 $1 Qa7 21. Bd3 {/\ b3} Bxa2+ 22. Nxa2 b3 23. cxb3 Ra8 24. Nb4 $8 Qa1+ 25.
Kc2 Nd4+ 26. Kc3 Qa5 27. Ra1 Qc5+ 28. Bc4 Rfb8 (28... Rab8 29. Ra4 f5 30. Rf1
$18) 29. Rxa8 Qxb4+ 30. Kd3 Qxd2+ 31. Kxd2 Rxa8 32. Rf1 Kg7 33. g4 $16 {Oll,L})
20. Bd3 d5 $1 (20... a5 21. Rhf1 Rf8 22. Rf2 $1 {/\ Rdf1, Qh6+/= ><f6}) 21. Qh6
Nd4 22. Rhf1 Rf8 23. exd5 Bxd5 24. Nb3 $1 $13 Bxb3 $1 (24... Nxb3 $6 25. axb3
Bxg2 26. Rg1 Bf3 27. Rdf1 e4 28. Bc4 $44 {->}) 25. axb3 f5 (25... a5 $6 26. Be4
$1 Rac8 27. g4 $14 {Oll,L}) 26. Rde1 (26. g4 $5 e4 (26... f4 27. Rde1 $16) 27.
Bc4 Nf3 $13) 26... e4 $8 27. Bc4 Rad8 28. Qf4 (28. g4 Qg7 $1 (28... fxg4 29.
Rxf8+ Qxf8 30. Qxf8+ Rxf8 31. Rxe4 Nf3 32. Rxg4 Nxh2 33. Rg5 $14) 29. Qxg7+
Kxg7 $15 {/\} 30. gxf5 $2 Nf3 $19) 28... Qc5 29. Rd1 a5 30. Rd2 a4 {[]} 31.
Rfd1 axb3 32. cxb3 Rd6 33. g4 Rfd8 34. Qg5 Qe5 $1 $10 35. gxf5 Qxf5 (35... e3
$5 36. Rg2 Qxf5+ 37. Qxf5 Nxf5 38. Rxd6 Nxd6 39. Kc2 Nxc4 40. bxc4 b3+ $1 41.
Kc1 Rd3 42. c5 $10) 36. Qe3 Qe5 37. Rg2 Nf5 38. Rxd6 Nxd6 39. Qb6 Re8 40. Qxb4
Nxc4 41. Qxc4 (41. bxc4 e3 42. Re2 Rb8 43. Qe1 Qd4 $1 44. Kc1 (44. Rc2 Re8 $1
45. Qe2 Qe4 $44) 44... Rb3 45. Rc2 Ra3 46. Kb1 Rd3 47. Kc1 $10 {Oll,L}) 41...
e3 42. Rg1 $1 (42. Re2 $4 Qf5+ 43. Qc2 Qf1+ $19) (42. Rg1 Qxh2 43. Rg8+ Rxg8
44. Qd4+ $10 {Oll,L}) 1/2-1/2

[Event "Biel Interzonal"]
[Site "Biel"]
[Date "1993.??.??"]
[Round "10"]
[White "Gurevich, Dmitry"]
[Black "Oll, Lembit"]
[Result "0-1"]
[WhiteElo "2575"]
[BlackElo "2595"]
[Annotator "Ribli"]
[PlyCount "94"]
[EventDate "1993.07.??"]
[EventType "swiss"]
[EventRounds "13"]
[EventCountry "SUI"]
[Source "ChessBase"]
[SourceDate "1993.12.01"]

1. Nf3 Nf6 2. c4 e6 3. g3 d5 4. Bg2 dxc4 5. Na3 Bxa3 6. bxa3 (6. Qa4+ $6 {
Azmayparashvili,Z-Lobron,E/Dortmund/1990/CBM18/}) 6... O-O 7. Qc2 Nc6 (7... a6
$5 $10 {Smyslov,V-Pushkov,N/Rostov/1993/CBM36/}) 8. Bb2 Re8 9. Qxc4 e5 10. Ng5
(10. O-O Be6 11. Qc2 Bd5 $10) 10... Qe7 11. Rc1 (11. Bxc6 $2 bxc6 12. Qxc6 Rb8
13. Qc2 h6 14. Nf3 Bh3 $44) 11... Bf5 12. O-O (12. Bxc6 $2 bxc6 13. Qxc6 Rab8
$44) 12... Nd7 (12... h6 $5 13. Ne4 Nxe4 14. Bxe4 Bxe4 15. Qxe4 Rad8 16. d3 Qe6
$13) 13. Nf3 Nb6 14. Qc3 Rad8 15. d3 Nd4 (15... Na4 16. Qc2 Nxb2 17. Qxb2 $14)
16. Nxd4 exd4 17. Qa5 Bg4 (17... Qxe2 18. Qxf5 Qxb2 19. Rxc7 Rf8 20. Be4 g6 21.
Qa5 $14) 18. Rfe1 Qd7 19. Bxb7 c5 20. Bf3 (20. Qxa7 $2 Rb8 21. Qxb6 Rxb7 22.
Qxc5 Rxb2 $19) (20. Be4 $1 $14) 20... Bxf3 21. exf3 Rxe1+ 22. Qxe1 (22. Rxe1 c4
23. dxc4 Nxc4 $44) 22... Qb5 23. Qe7 Rf8 (23... Re8 24. Rxc5 $16) 24. Ba1 Re8
25. Qxa7 h6 26. Kg2 (26. Qb7 $5) 26... Re2 27. Qb8+ Kh7 28. Rc4 $6 (28. h4 $5)
28... Qa5 $1 29. Qf4 Qe1 $1 30. Rxc5 Qxf2+ 31. Kh3 Qxh2+ 32. Kg4 Re6 33. Bxd4
Rg6+ 34. Kf5 Nd7 35. Rd5 Rg5+ 36. Qxg5 (36. Ke4 Qe2+ 37. Qe3 Qxe3+ 38. Bxe3
Nf6+ $19) 36... hxg5 37. Rxd7 Qxg3 38. Ke4 Qf4+ 39. Kd5 Qxf3+ 40. Kc5 g4 41. a4
g3 42. a5 Qxd3 43. Rxf7 Qxd4+ $1 44. Kxd4 g2 45. a6 g1=Q+ 46. Kd5 Qg5+ 47. Kc4
Qg6 0-1

[Event "Biel Interzonal"]
[Site "Biel"]
[Date "1993.??.??"]
[Round "11"]
[White "Oll, Lembit"]
[Black "Xu Jun"]
[Result "0-1"]
[WhiteElo "2595"]
[BlackElo "2535"]
[Annotator "Dautov"]
[PlyCount "78"]
[EventDate "1993.07.??"]
[EventType "swiss"]
[EventRounds "13"]
[EventCountry "SUI"]
[Source "ChessBase"]
[SourceDate "1993.12.01"]

1. d4 Nf6 2. c4 e6 3. Nf3 Bb4+ 4. Bd2 a5 5. g3 b6 6. Bg2 Bb7 7. O-O O-O 8. Bg5
Be7 9. Nc3 (9. Qc2 h6 10. Bxf6 Bxf6 11. Nc3 $14) 9... Ne4 (9... Na6 $5 10. Qb1
c5 $132) 10. Bxe7 Qxe7 11. Rc1 $1 {N} (11. Qc2 Nxc3 12. Qxc3 Be4 13. Rac1 d6
14. Qe3 f5 15. c5 bxc5 16. dxc5 Na6 17. cxd6 cxd6 18. Rfd1 (18. Nd4 $5 Bxg2 19.
Kxg2 Nc5 20. b3 $14) 18... Nc5 19. b3 Rfb8 20. Qc3 Ra6 21. Rd4 Rbb6 22. Bf1 Rc6
23. Qe3 e5 24. Rdc4 Ne6 25. Nh4 g6 26. Qd2 Rxc4 27. Rxc4 Bb7 28. Bg2 e4 29. e3
d5 30. Rc1 Ra8 $10 {Arbakov-Gagarin/Moscow sf/1989}) 11... d6 12. Qd3 (12. d5
$1 Nxc3 13. Rxc3 e5 14. Nd2 Nd7 15. f4 $14 {>=}) 12... Nxc3 (12... f5 $6 13.
Nd2 Nxc3 (13... Nxd2 14. Bxb7 Ra7 15. Qxd2 Rxb7 16. e4 $14) 14. Bxb7 Ra7 15.
Qxc3 Rxb7 16. c5 $14) 13. Rxc3 f5 (13... Nd7 $5 14. e4 e5 15. Re1 (15. d5 Nc5
16. Qc2 Bc8 $10) 15... Rfe8 $10) 14. c5 bxc5 (14... Na6 $2 15. c6 Bc8 16. a3
$16) 15. dxc5 Na6 (15... Be4 16. cxd6 cxd6 17. Qe3 Na6 {-11.Qc2}) 16. c6 $1 (
16. cxd6 cxd6 17. Qe3 Nc5 $10) 16... Bc8 (16... Nb4 $4 17. cxb7 Nxd3 18. bxa8=Q
Rxa8 19. exd3 $16) 17. Ra3 (17. Nd4 $5 Nc5 18. Qe3 e5 $13) 17... Nb4 18. Qd2 $2
(18. Qb5 $1 Ba6 19. Qxa5 Nxc6 20. Qd2 Bb7 21. Rxa8 Rxa8 22. Nd4 $14) 18... e5
19. Rc1 Kh8 $1 $15 {/\Be6,[+]} (19... Be6 20. Ng5 $13) 20. Ne1 (20. Ra4 Qe8 $17
(20... Be6 $2 21. a3 Bb3 22. Rxa5 Rxa5 23. Qxb4 $16)) 20... e4 21. Nc2 $6 Nxc6
22. Ne3 Nb4 $1 $17 (22... Bd7 $6 23. Nd5 Qd8 24. Rac3 $44) 23. Nc4 (23. Nd5
Nxd5 24. Qxd5 Be6 25. Qc6 Ra7 $17) 23... Be6 24. Rxa5 (24. Nxa5 c5 25. b3 Ra6
$17) 24... Nxa2 25. Rc2 Bxc4 (25... d5 26. Ne5 Nb4 27. Nc6 Nxc6 28. Rxc6 Rxa5
29. Qxa5 $15) 26. Rxc4 c5 27. Rxa8 Rxa8 28. g4 Nb4 $5 (28... g6 29. Qd5 Rf8 $17
) 29. gxf5 d5 30. Rc1 d4 31. Qf4 Re8 32. Ra1 h6 33. Qg3 (33. Bh3 d3 34. Bg4 Nd5
$17) 33... d3 34. exd3 exd3 35. Bf3 d2 36. Rd1 Nd3 $19 37. Kg2 Qe1 {/\Nb2} 38.
Bh5 Qe4+ 39. Kg1 Nf4 0-1

[Event "Biel Interzonal"]
[Site "Biel"]
[Date "1993.??.??"]
[Round "12"]
[White "Oll, Lembit"]
[Black "Topalov, Veselin"]
[Result "1-0"]
[WhiteElo "2595"]
[BlackElo "2650"]
[Annotator "ChessBase"]
[PlyCount "53"]
[EventDate "1993.07.??"]
[EventType "swiss"]
[EventRounds "13"]
[EventCountry "SUI"]
[Source "ChessBase"]
[SourceDate "1993.12.01"]

1. d4 Nf6 2. Nf3 e6 3. c4 d5 4. Nc3 c6 5. Bg5 dxc4 6. e4 b5 7. e5 h6 8. Bh4 g5
9. Nxg5 hxg5 10. Bxg5 Nbd7 11. exf6 Bb7 12. g3 c5 13. d5 Nxf6 14. Bg2 Be7 15.
O-O Nxd5 16. Bxe7 Kxe7 17. Nxb5 Qb6 18. Na3 Rh4 19. Qd2 Nf4 $6 20. Nxc4 Qc7 (
20... Qa6 $142 21. Ne3 $14 {Oll,L}) 21. f3 $3 $18 Nxg2 (21... Rd8 22. Qa5 $1)
22. Qg5+ Kf8 23. gxh4 Nf4 24. Kh1 Rd8 25. Ne5 Rd5 26. Rae1 Nd3 27. Qh6+ (27.
Qh6+ Ke7 28. Nxd3 Rxd3 29. Rxe6+ $1) 1-0

[Event "Biel Interzonal"]
[Site "Biel"]
[Date "1993.??.??"]
[Round "13"]
[White "Nikolic, Predrag"]
[Black "Oll, Lembit"]
[Result "0-1"]
[WhiteElo "2625"]
[BlackElo "2595"]
[Annotator "Dautov"]
[PlyCount "84"]
[EventDate "1993.07.??"]
[EventType "swiss"]
[EventRounds "13"]
[EventCountry "SUI"]
[Source "ChessBase"]
[SourceDate "1993.12.01"]

1. d4 {Ftacnik} Nf6 2. Nf3 e6 3. g3 b6 4. Bg2 Bb7 5. c4 Bb4+ 6. Bd2 Be7 7. O-O
O-O 8. Nc3 Na6 9. Ne5 Bxg2 10. Kxg2 c5 $1 {N} (10... Qb8 11. e4 (11. e3 {
Ftacnik} c5 12. Qf3 cxd4 13. exd4 Nb4 14. Bg5 Qd8 15. Rad1 Rc8 16. d5 d6 17. a3
exd5 18. axb4 dxe5 19. cxd5 Ne8 20. Bxe7 Qxe7 21. Rfe1 Nd6 22. Re2 f6 {
0,5/Lerner,K-Romanishin,O/URS-ch/1979/}) 11... Qb7 12. Qf3 c6 (12... Nb4 13.
Bg5 Rfe8 14. Rad1 d6 15. Bxf6 Bxf6 16. Ng4 Be7 17. d5 $14 {Nesis}) (12... d6
13. Nd3 c5 14. d5 exd5 15. exd5 Rfe8 16. g4 Nc7 17. a4 a6 18. b4 b5 19. bxc5
bxc4 20. Rab1 Qc8 21. Nb2 dxc5 22. d6 Bxd6 23. Nxc4 Be5 24. Nb6 $13 {
Dorfman,I-Tukmakov,V/Tashkent 1L/1980/}) 13. Rfe1 (13. Nd3 $5 $14 {ECO}) 13...
Nb4 14. Rac1 d6 15. Nd3 Nxd3 16. Qxd3 a6 17. d5 (17. b3 {Ftacnik} b5 18. Kg1
Rfe8 19. Rc2 Nd7 20. Be3 bxc4 21. Qxc4 d5 22. Qd3 e5 23. exd5 cxd5 24. Rec1 $10
{Pinter,J-Spraggett,K/Taxco izt/1985/}) 17... cxd5 18. cxd5 b5 19. a3 Rac8 $10
{Timman-Polugaevsky/Wijk/1979} (19... Rac8 20. Bf4 Rc4 21. dxe6 fxe6 22. f3 Rd8
23. Red1 Nd7 24. b3 $10 {Timman,J-Polugaevsky,L/Wijk aan Zee/1979/})) 11. d5 (
11. Bf4 cxd4 12. Qxd4 Qc8 $10) 11... exd5 12. cxd5 (12. Nxd5 Nxd5 13. cxd5 Bf6
14. Bc3 b5 15. Nf3 $10) 12... Qb8 $1 (12... b5 {Ftacnik} 13. Nxb5 Qb8 14. d6
Bxd6 15. Nxd6 Qxd6 16. Bc3 $13) 13. Nf3 (13. Bf4 Bd6 14. Nd3 Bxf4 (14... Nb4 {
Ftacnik} 15. Bg5 $140 $1 Nbxd5 16. Nxd5 Nxd5 17. e4 Nb4 18. Nxb4 cxb4 19. Rc1
$13) 15. Nxf4 b5 $10) (13. f4 b5 14. a3 Nc7 15. e4 b4 16. axb4 cxb4 17. Na4
Nxe4 18. Nxd7 Qb7 19. Nxf8 Nxd5 $1 $44) (13. Nd3 c4 $5 14. Nf4 b5 $132) 13...
b5 14. Bg5 (14. Bf4 Qb7 (14... d6 15. a3 Qb7 $132 (15... Nc7 $6 16. b4 $14))
15. d6 Bd8 16. Rc1 Re8 $13) 14... d6 (14... b4 $2 15. Ne4 (15. d6 Qxd6 16. Qxd6
Bxd6 17. Bxf6 gxf6 18. Nd5 Kg7 19. Rad1 Be5 20. b3 $44) 15... Nxe4 16. Bxe7 Re8
17. d6 $16 (17. d6 {Ftacnik} Qb7 $132)) 15. Qb3 (15. a3 Qb7 16. e4 $6 h6 17.
Bxf6 (17. Bf4 b4 18. axb4 cxb4 19. Na4 Nxe4 $17) 17... Bxf6 $15) 15... Nc7 (
15... b4 $2 16. Bxf6 Bxf6 17. Ne4 Be7 18. Ned2 $14 {/\Nc4}) 16. Rad1 Re8 (16...
b4 {Ftacnik} 17. Bxf6 (17. Ne4 Nxe4 18. Bxe7 Re8 19. Bh4 f6 20. g4) 17... Bxf6
18. Ne4 Be7 19. Nxc5 $1 dxc5 20. d6 $10) 17. Qc2 h6 $15 18. Bxf6 (18. Bc1 {
Ftacnik} b4 19. Ne4 Ncxd5 $17) 18... Bxf6 19. Ne4 Be7 (19... Qd8 20. Nxf6+ Qxf6
21. e4 $10) 20. Nxc5 (20. g4 $5 {Ftacnik} Qc8 (20... Qb7 21. Ng3 $140 Nxd5 $2
22. Qe4 $18) 21. h3 f5 22. gxf5 Qxf5 23. Qd3 $13) 20... dxc5 21. d6 Bf8 (21...
Ne6 {Ftacnik} 22. dxe7 Rxe7 23. Rd5 $10) 22. dxc7 Qxc7 23. Rd5 Rad8 24. Rfd1
Rxd5 25. Rxd5 a6 26. e4 (26. b3 {Ftacnik} c4 27. bxc4 Qxc4 28. Qxc4 bxc4 $15)
26... c4 27. e5 $6 (27. Nd4 $142 $15) (27. Nd4 {Ftacnik} Bc5 $15) 27... Qc6 28.
Qe4 (28. Qd2 b4 $17) (28. Qd1 {Ftacnik} b4 $17) 28... Rd8 29. Rd4 Qxe4 30. Rxe4
Be7 31. a4 $2 (31. Nd4 $6 Bc5 $1 (31... Rc8 32. Nf5 Kf8 33. Nxe7 Kxe7 34. Kf3
Ke6 $15)) (31. Rd4 $5 $15) (31. Re2 {Ftacnik} f5 $17) 31... f5 $1 32. Re2 (32.
Rd4 c3 $1 (32... Rxd4 {Ftacnik} 33. Nxd4 bxa4 34. Nxf5 c3 $3 35. Nxe7+ Kf7 $19)
33. bxc3 Rxd4 34. cxd4 bxa4 35. Nd2 a3 36. Nb3 a2 37. d5 Bb4 38. d6 Kf7 39. d7
Ke7 40. e6 Bc3 $19) (32. exf6 {Ftacnik} Bxf6 33. axb5 axb5 34. Re2 Rd3 $19)
32... bxa4 33. Rc2 Rc8 34. Nd2 c3 $1 35. Nb1 (35. bxc3 a3 $17 (35... a3 {
Ftacnik} 36. c4 Kf7 $17)) (35. Rxc3 {Ftacnik} Rxc3 36. bxc3 a3 37. f4 a2 38.
Nb3 Ba3 39. Kf3 Bb2 $19) 35... Kf7 36. f4 $6 (36. Rxc3 a3 $1 37. bxa3 Rxc3 38.
Nxc3 Bxa3 39. f4 Bb2 40. Na4 Bd4 41. Kf3 h5 $17) (36. Nxc3 $2 a3 37. bxa3 Bxa3
$19 {/\Bb4}) (36. bxc3 {Ftacnik} a3 $17) 36... cxb2 $1 37. Rxc8 (37. Rxb2 {
Ftacnik} a3 38. Ra2 Rc4 39. h4 Rb4 $19) 37... a3 38. Nxa3 Bxa3 39. Rb8 a5 40.
Rb3 (40. Rb7+ {Ftacnik} Ke6 41. Rb6+ Kd7 42. Rb7+ Kc6 $19) 40... a4 41. Rb7+
Ke6 42. Rb6+ Kd7 (42... Kd7 43. h4 (43. e6+ {Ftacnik} Ke7 44. Kf3 Bb4 $1 45.
Rxb4 a3 $19) 43... Kc7 44. Rb5 Kc6 45. Rb8 Kc5 46. Rc8+ (46. e6 Kd6 47. Rb6+
Ke7 $19 {/\Bb4}) 46... Kd4 47. Rb8 Kc3 48. e6 Be7 $19) 0-1

[Event "Antwerp op"]
[Site "Antwerp"]
[Date "1993.??.??"]
[Round "1"]
[White "Van der Veen, Heinz"]
[Black "Oll, Lembit"]
[Result "0-1"]
[WhiteElo "2225"]
[BlackElo "2595"]
[PlyCount "34"]
[EventDate "1993.08.??"]
[EventType "swiss"]
[EventRounds "9"]
[EventCountry "BEL"]
[Source "ChessBase"]
[SourceDate "1996.11.15"]

1. d4 Nf6 2. c4 c5 3. d5 b5 4. cxb5 a6 5. bxa6 g6 6. Nf3 Bxa6 7. Nc3 d6 8. g3
Bg7 9. Qc2 Nbd7 10. e4 O-O 11. Bd2 Ng4 12. h4 Qb6 13. Nd1 Nde5 14. Nxe5 Nxe5
15. Bxa6 Nf3+ 16. Kf1 Qxa6+ 17. Kg2 Qe2 0-1

[Event "Antwerp op"]
[Site "Antwerp"]
[Date "1993.??.??"]
[Round "3"]
[White "Grimberg, Gilbert"]
[Black "Oll, Lembit"]
[Result "0-1"]
[WhiteElo "2325"]
[BlackElo "2595"]
[PlyCount "120"]
[EventDate "1993.08.??"]
[EventType "swiss"]
[EventRounds "9"]
[EventCountry "BEL"]
[Source "ChessBase"]
[SourceDate "1996.11.15"]

1. e4 c5 2. Nf3 d6 3. c3 Nf6 4. Be2 Nbd7 5. d3 b6 6. a4 a6 7. Nbd2 Bb7 8. O-O
g6 9. Qb3 Bg7 10. Ng5 d5 11. Qc2 e5 12. c4 dxe4 13. dxe4 O-O 14. Rd1 Nb8 15.
Nb1 Qe7 16. Nc3 Nc6 17. Nf3 Nd4 18. Nxd4 cxd4 19. Nd5 Nxd5 20. cxd5 f5 21. f3
Kh8 22. Bd2 Qf6 23. Rf1 Rf7 24. Bd3 f4 25. g4 h5 26. gxh5 Qg5+ 27. Kh1 Qxh5 28.
a5 b5 29. Rac1 Bf6 30. Be1 Rh7 31. Qe2 g5 32. d6 Bc8 33. Rc7 Rxc7 34. dxc7 Ra7
35. Qc2 Qf7 36. Bb4 Rxc7 37. Qd2 Qh5 38. Be2 g4 39. fxg4 Bxg4 40. Bxg4 Qxg4 41.
Qg2 Qxg2+ 42. Kxg2 Rc2+ 43. Rf2 d3 44. Kf3 Rxf2+ 45. Kxf2 Bh4+ 46. Kf3 Kg7 47.
Bc3 Kf6 48. b3 Ke6 49. b4 Kf6 50. Bd2 Kf7 51. Bc3 Ke6 52. Bd2 Be7 53. Bc3 Bd6
54. Kf2 Bb8 55. Ke1 Ba7 56. Kd2 Bd4 57. Bxd4 exd4 58. Kxd3 Ke5 59. h3 f3 60. h4
Kf4 0-1

[Event "Antwerp op"]
[Site "Antwerp"]
[Date "1993.??.??"]
[Round "5"]
[White "Wells, Peter"]
[Black "Oll, Lembit"]
[Result "1/2-1/2"]
[WhiteElo "2455"]
[BlackElo "2595"]
[PlyCount "65"]
[EventDate "1993.08.??"]
[EventType "swiss"]
[EventRounds "9"]
[EventCountry "BEL"]
[Source "ChessBase"]
[SourceDate "1996.11.15"]

1. Nf3 Nf6 2. c4 c6 3. d4 d5 4. Nc3 dxc4 5. e3 b5 6. a4 b4 7. Na2 e6 8. Bxc4
Be7 9. O-O O-O 10. Bd2 a5 11. Nc1 Nbd7 12. Nb3 Bb7 13. Qe2 Qb6 14. Rac1 c5 15.
Bb5 Bd5 16. dxc5 Bxc5 17. Nfd4 e5 18. Nxc5 Nxc5 19. Nf5 Kh8 20. f4 Nfe4 21. Be1
f6 22. Qg4 Ne6 23. Rd1 Rad8 24. fxe5 g6 25. Ne7 Qxe3+ 26. Kh1 fxe5 27. Nxd5
Rxf1+ 28. Bxf1 Qxe1 29. Qxe6 Qxd1 30. Qxe5+ Kg8 31. Qe6+ Kg7 32. Qe7+ Kh6 33.
Qh4+ 1/2-1/2

[Event "Antwerp op"]
[Site "Antwerp"]
[Date "1993.??.??"]
[Round "6"]
[White "Oll, Lembit"]
[Black "Carlier, Bruno"]
[Result "1-0"]
[WhiteElo "2595"]
[BlackElo "2360"]
[PlyCount "81"]
[EventDate "1993.08.??"]
[EventType "swiss"]
[EventRounds "9"]
[EventCountry "BEL"]
[Source "ChessBase"]
[SourceDate "1996.11.15"]

1. e4 g6 2. d4 Bg7 3. Nc3 d6 4. Be3 Nf6 5. Qd2 c6 6. h3 O-O 7. Nf3 b5 8. Bd3
Nbd7 9. O-O e5 10. dxe5 dxe5 11. a4 b4 12. Ne2 a5 13. c3 Qe7 14. cxb4 axb4 15.
Qc2 Bb7 16. Rfd1 Rac8 17. Ng3 h6 18. a5 Rfd8 19. Bc4 Nd5 20. Bd2 Nf4 21. Qb3 c5
22. Be3 Nf8 23. a6 Ba8 24. h4 N8e6 25. h5 Kh8 26. hxg6 fxg6 27. Bxf4 Nxf4 28.
Rxd8+ Rxd8 29. Rd1 Rd4 30. Nxd4 exd4 31. Qf3 Be5 32. Qg4 Qd8 33. Ne2 h5 34. Qf3
Nxe2+ 35. Qxe2 Qh4 36. g3 Qd8 37. Qf3 Kg7 38. Qf7+ Kh6 39. Bd5 d3 40. b3 Bd4
41. Rxd3 1-0

[Event "Antwerp op"]
[Site "Antwerp"]
[Date "1993.??.??"]
[Round "9"]
[White "Novikov, Igor"]
[Black "Oll, Lembit"]
[Result "1/2-1/2"]
[WhiteElo "2545"]
[BlackElo "2595"]
[PlyCount "46"]
[EventDate "1993.08.??"]
[EventType "swiss"]
[EventRounds "9"]
[EventCountry "BEL"]
[Source "ChessBase"]
[SourceDate "1996.11.15"]

1. d4 Nf6 2. c4 e6 3. Nf3 b6 4. g3 Ba6 5. b3 Bb4+ 6. Bd2 Be7 7. Bg2 c6 8. Bc3
d5 9. Nbd2 Nbd7 10. O-O O-O 11. Re1 c5 12. e4 dxe4 13. Nxe4 Nxe4 14. Rxe4 Bb7
15. Re3 Bf6 16. dxc5 Bxc3 17. Rxc3 Nxc5 18. Qe2 Qc7 19. Rd1 Rad8 20. Rcc1 h6
21. Ne5 Bxg2 22. Kxg2 a5 23. Nf3 Qc6 1/2-1/2

[Event "The Hague op 13th"]
[Site "The Hague"]
[Date "1993.09.12"]
[Round "5"]
[White "Oll, Lembit"]
[Black "Van der Vliet, Fredrik"]
[Result "1-0"]
[WhiteElo "2595"]
[BlackElo "2330"]
[PlyCount "63"]
[EventDate "1993.09.??"]
[EventType "swiss"]
[EventRounds "6"]
[EventCountry "NED"]
[Source "ChessBase"]
[SourceDate "2003.11.25"]

1. d4 d5 2. c4 c6 3. Nf3 e6 4. Nc3 Nf6 5. Bg5 h6 6. Bxf6 Qxf6 7. e3 Nd7 8. Bd3
Qd8 9. O-O Be7 10. Qe2 O-O 11. e4 dxe4 12. Bxe4 Qa5 13. a3 Rd8 14. Rad1 Nf6 15.
Bc2 Bd7 16. Rfe1 Bf8 17. Ne5 Be8 18. c5 Qc7 19. b4 b6 20. Ne4 Nxe4 21. Bxe4
Rac8 22. h4 g6 23. h5 g5 24. Bc2 bxc5 25. dxc5 a5 26. Nc4 axb4 27. axb4 Rb8 28.
Rxd8 Qxd8 29. Qe4 Bg7 30. Nd6 Bd7 31. Rd1 Qf6 32. b5 1-0

[Event "The Hague op 13th"]
[Site "The Hague"]
[Date "1993.09.12"]
[Round "6"]
[White "Oll, Lembit"]
[Black "Ikonnikov, Vyacheslav"]
[Result "1-0"]
[WhiteElo "2595"]
[BlackElo "2485"]
[PlyCount "51"]
[EventDate "1993.09.??"]
[EventType "swiss"]
[EventRounds "6"]
[EventCountry "NED"]
[Source "ChessBase"]
[SourceDate "2003.11.25"]

1. d4 Nf6 2. Nf3 e6 3. c4 c5 4. d5 exd5 5. cxd5 g6 6. Nc3 d6 7. g3 Bg7 8. Bg2
O-O 9. O-O Na6 10. Nd2 Nc7 11. Nc4 b6 12. Nxd6 Ba6 13. Nde4 Nfxd5 14. Bg5 Qd7
15. Nxd5 Nxd5 16. Nc3 Bxc3 17. bxc3 Bc4 18. e4 f6 19. Be3 Rad8 20. exd5 Bxf1
21. Bxf1 Kg7 22. c4 Rfe8 23. a4 Re7 24. a5 Rde8 25. axb6 axb6 26. Rb1 1-0

[Event "Podolsk"]
[Site "Podolsk"]
[Date "1993.??.??"]
[Round "?"]
[White "Dvoirys, Semen"]
[Black "Oll, Lembit"]
[Result "0-1"]
[WhiteElo "2590"]
[BlackElo "2595"]
[Annotator "Belov"]
[PlyCount "120"]
[EventDate "1993.10.??"]
[EventType "tourn"]
[EventRounds "9"]
[EventCountry "RUS"]
[EventCategory "14"]
[Source "ChessBase"]
[SourceDate "1994.02.01"]

1. e4 c6 2. d4 d5 3. Nd2 dxe4 4. Nxe4 Nd7 5. c4 $5 $146 (5. Nf3) (5. Bc4) (5.
Ng5) 5... Ngf6 (5... Ndf6 6. Nc3 Bf5 (6... e5 $6 7. dxe5 Qxd1+ 8. Nxd1 Ng4 9.
f4 $16) 7. Nf3 e6 8. Be2 Bb4 9. O-O Ne7 10. a3 $14) 6. Nc3 e5 $1 (6... e6 7.
Nf3 Be7 8. Bd3 O-O 9. O-O c5 10. Bf4 $14) 7. dxe5 (7. d5 $6 Bb4 8. Nf3 cxd5 9.
cxd5 O-O 10. Be2 e4 $17) 7... Nxe5 8. Qxd8+ (8. Qe2 Qe7 9. Be3 Be6 10. b3 Neg4
$10) 8... Kxd8 9. Bf4 Ng6 (9... Bd6 10. O-O-O Kc7 11. Bg3 $1 $16 (11. c5 Nd3+
12. Rxd3 Bxf4+ $10)) 10. O-O-O+ Bd7 11. Bg3 (11. Be3 Ng4 12. Bd4 c5) 11... Nh5
$1 12. Nf3 Nxg3 13. hxg3 Kc7 $10 14. Bd3 (14. Ng5 $6 Be7 15. Nxh7 Bf5 16. Be2 (
16. Bd3 Bxd3 17. Rxd3 Nf8 $19) 16... Ne5 17. f4 Rxh7 18. Rxh7 Bxh7 19. fxe5
Bg5+ $19) 14... Be7 15. Nd4 Bf6 16. Be2 Rad8 17. Ne4 Bg4 $5 (17... Bxd4 18.
Rxd4 h6 19. Nc5 Bc8 $10) 18. Nf3 $8 Rxd1+ 19. Bxd1 Be7 20. Nfg5 (20. Be2 h6 21.
Rd1 Rd8 $15) 20... Bxd1 21. Rxd1 Ne5 $1 (21... h6 22. Nf3 f5 23. Nc3 Rd8 $15)
22. c5 $6 (22. b3 $5 h6 23. Nf3 $14) 22... h6 23. f4 $8 (23. Nf3 Nxf3 24. gxf3
f5 $15) 23... Bxg5 $1 (23... hxg5 $6 24. fxe5 $16) 24. Nxg5 (24. fxg5 hxg5 25.
Nxg5 Rh5 $1 $17) 24... hxg5 25. fxe5 Re8 26. Rf1 Re7 27. Rf5 (27. Kd2 Kd7 28.
Ke3 Ke6 29. Ke4 Rd7 $17) 27... Kd7 $1 $17 28. Rxg5 g6 29. Kd2 Ke6 30. Rg4 (30.
Kc3 Rd7 31. b4 Rd1 32. a3 Rg1 33. Kc4 Rxg2 34. Kc3 Ra2 35. Kb3 Rd2 36. Kc3 Rd5
$19) 30... Kxe5 31. Kd3 Kd5 32. b4 Re1 33. Rg5+ Ke6 34. Rg4 Rd1+ 35. Kc3 Ke5
36. Rf4 (36. Rg5+ Ke4 37. Rg4+ Ke3 $19) 36... f5 37. Rf2 Re1 (37... Rd4 $5) 38.
Kd3 Re4 39. a3 Kd5 40. Rf3 a5 $1 41. Kc3 axb4+ 42. axb4 Re2 $19 43. Rd3+ Ke4 (
43... Ke6 $2 44. Rd6+ Ke7 45. Rxg6 $10) 44. Rd4+ Ke5 45. Rd7 Rxg2 46. Rxb7
Rxg3+ 47. Kc4 (47. Kd2 Rb3 48. Rg7 Kf6 49. Rc7 Rxb4 50. Rxc6+ Kg5 $19) 47... f4
48. Rc7 f3 49. Kd3 f2+ 50. Ke2 Rf3 51. Kf1 g5 52. Rxc6 g4 53. Rg6 g3 54. Rg5+
Kf4 55. Rg8 Rc3 56. Rf8+ Ke5 57. Re8+ Kf6 58. Rf8+ Ke7 59. Rf4 Rc1+ 60. Kg2
Rg1+ 0-1